[Event "Berdsk Maestro op 16th"]
[Site "Berdsk"]
[Date "2010.07.15"]
[Round "8"]
[White "Agapov, Sergei"]
[Black "Sviridov, Valery"]
[Result "1-0"]
[WhiteElo "2126"]
[BlackElo "2264"]
[PlyCount "79"]
[EventDate "2010.07.08"]
[EventType "swiss"]
[EventRounds "9"]
[EventCountry "RUS"]
[SourceTitle "EXT 2011"]
[Source "ChessBase"]
[SourceDate "2010.11.26"]
[SourceVersion "1"]
[SourceVersionDate "2010.11.26"]
[SourceQuality "1"]

1. d4 Nf6 2. Nf3 e6 3. c4 b6 4. a3 Bb7 5. e3 d5 6. Nc3 Bd6 7. Bd3 Nbd7 8. 0-0 a6 9. b4 dxc4 10. Bxc4 0-0 11. Bb2 Qe7 12. d5 e5 13. e4 a5 14. b5 Nc5 15. Qc2 Nh5 16. Ne2 g6 17. Rfe1 Rae8 18. Nc1 Bc8 19. Nd3 Nxd3 20. Bxd3 Bg4 21. Be2 Nf4 22. h3 Bd7 23. Bc4 Qf6 24. Qb3 g5 25. Nh2 h5 26. Bf1 Bc5 27. Qf3 Qg6 28. g4 hxg4 29. Nxg4 f6 30. a4 Rf7 31. Ba3 Bd4 32. Rac1 f5 33. exf5 Bxf5 34. Rc6 Bxg4 35. Rxg6+ Nxg6 36. Qxg4 Bxf2+ 37. Kh1 Bxe1 38. Bc4 Kg7 39. d6 Rff8 40. d7 1-0

[Event "Berdsk Maestro op 16th"]
[Site "Berdsk"]
[Date "2010.07.12"]
[Round "5"]
[White "Gubarev, Vsevolod"]
[Black "Agapov, Sergei"]
[Result "0-1"]
[WhiteElo "2199"]
[BlackElo "2126"]
[PlyCount "82"]
[EventDate "2010.07.08"]
[EventType "swiss"]
[EventRounds "9"]
[EventCountry "RUS"]
[SourceTitle "EXT 2011"]
[Source "ChessBase"]
[SourceDate "2010.11.26"]
[SourceVersion "1"]
[SourceVersionDate "2010.11.26"]
[SourceQuality "1"]

1. e4 c5 2. Nf3 d6 3. d4 cxd4 4. Nxd4 Nf6 5. Nc3 g6 6. Be3 Bg7 7. f3 0-0 8. Qd2 Nc6 9. 0-0-0 d5 10. Kb1 Nxd4 11. e5 Nf5 12. exf6 Bxf6 13. Nxd5 Qxd5 14. Qxd5 Nxe3 15. Qd2 Nxd1 16. Qxd1 Be6 17. Be2 Rfd8 18. Qc1 Rd6 19. Rd1 Rb6 20. b3 Rc8 21. g4 Rbc6 22. Bd3 a5 23. Be4 R6c7 24. Qa3 b6 25. Qa4 Rc5 26. Bb7 Rb8 27. Qe4 Kg7 28. Rg1 a4 29. f4 axb3 30. cxb3 Rxb7 31. Qxb7 Bd5 32. b4 Bxb7 33. bxc5 Bd4 34. Re1 Bxc5 35. Kc2 Kf6 36. Kd3 Bf3 37. h3 Bg2 38. Re5 Bxh3 39. g5+ Kg7 40. a4 Bd6 41. Rb5 Bf1+ 0-1

[Event "Berdsk Maestro op 16th"]
[Site "Berdsk"]
[Date "2010.07.11"]
[Round "4"]
[White "Agapov, Sergei"]
[Black "Kovalev, Vitaly"]
[Result "1-0"]
[WhiteElo "2126"]
[BlackElo "1997"]
[PlyCount "81"]
[EventDate "2010.07.08"]
[EventType "swiss"]
[EventRounds "9"]
[EventCountry "RUS"]
[SourceTitle "EXT 2011"]
[Source "ChessBase"]
[SourceDate "2010.11.26"]
[SourceVersion "1"]
[SourceVersionDate "2010.11.26"]
[SourceQuality "1"]

1. d4 Nf6 2. Nf3 g6 3. c4 Bg7 4. Nc3 0-0 5. e4 d6 6. Be2 e5 7. 0-0 Nc6 8. d5 Ne7 9. Ne1 Ne8 10. Be3 f5 11. f3 f4 12. Bf2 c5 13. dxc6 bxc6 14. c5 d5 15. Bc4 Be6 16. exd5 cxd5 17. Bb3 Nf6 18. Nd3 Nh5 19. Nb4 Nf6 20. Re1 Bf7 21. Bh4 Qc7 22. Nd3 Rad8 23. Nxe5 Qxc5+ 24. Bf2 Qa5 25. Nxf7 Rxf7 26. Ne2 Nd7 27. Nxf4 Bxb2 28. Nxd5 Nxd5 29. Bxd5 Bxa1 30. Bxf7+ Kxf7 31. Qxa1 Nf6 32. Qb1 Rd7 33. Qb3+ Kg7 34. Qe6 Qd2 35. Bc5 Qg5 36. Bd6 Qh4 37. Kf1 Rf7 38. Be5 Qa4 39. Rc1 Qb5+ 40. Kg1 Qa5 41. h3 1-0

[Event "Berdsk Maestro op 15th"]
[Site "Berdsk"]
[Date "2009.07.14"]
[Round "7"]
[White "Agapov, Sergei"]
[Black "Popov, Danil"]
[Result "1-0"]
[WhiteElo "2126"]
[BlackElo "1833"]
[PlyCount "59"]
[EventDate "2009.07.08"]
[EventType "swiss"]
[EventRounds "9"]
[EventCountry "RUS"]
[SourceTitle "EXT 2022"]
[Source "ChessBase"]
[SourceDate "2021.10.06"]
[SourceVersion "1"]
[SourceVersionDate "2021.10.06"]
[SourceQuality "1"]

1. d4 Nf6 2. Nf3 g6 3. c4 Bg7 4. Nc3 0-0 5. e4 d6 6. Be2 Nc6 7. 0-0 e5 8. d5 Ne7 9. Ne1 Ne8 10. Be3 f5 11. f3 f4 12. Bf2 g5 13. c5 h5 14. a4 Nf6 15. Rc1 g4 16. cxd6 cxd6 17. Nb5 Bh6 18. Rc3 Rf7 19. Nc7 Rg7 20. Nxa8 g3 21. Bxa7 gxh2+ 22. Kxh2 Nfxd5 23. Bc4 Kh8 24. Bxd5 h4 25. Bf2 Ng6 26. Nb6 Bd7 27. Nxd7 Qxd7 28. Qb3 h3 29. gxh3 Bg5 30. Be6 1-0

[Event "Berdsk Maestro op 15th"]
[Site "Berdsk"]
[Date "2009.07.13"]
[Round "6"]
[White "Koveshnikova, Daria"]
[Black "Agapov, Sergei"]
[Result "1-0"]
[WhiteElo "1994"]
[BlackElo "2126"]
[PlyCount "153"]
[EventDate "2009.07.08"]
[EventType "swiss"]
[EventRounds "9"]
[EventCountry "RUS"]
[SourceTitle "EXT 2022"]
[Source "ChessBase"]
[SourceDate "2021.10.06"]
[SourceVersion "1"]
[SourceVersionDate "2021.10.06"]
[SourceQuality "1"]

1. d4 Nf6 2. Nf3 g6 3. c4 Bg7 4. g3 0-0 5. Bg2 d6 6. 0-0 Nbd7 7. Nc3 e5 8. e4 c6 9. h3 a5 10. Be3 Qe7 11. Re1 Re8 12. Qd3 exd4 13. Bxd4 Ne5 14. Nxe5 dxe5 15. Bb6 Be6 16. c5 Nd7 17. Na4 Nxb6 18. Nxb6 Rad8 19. Qc3 Rd4 20. Qxa5 Red8 21. Re2 h5 22. Rc1 h4 23. Rcc2 Qg5 24. Kh2 Rd3 25. g4 Bxg4 26. hxg4 Qf4+ 27. Kg1 h3 28. Nd5 R8xd5 29. exd5 hxg2 30. Qd8+ Bf8 31. Qh4 Be7 32. Qh2 Qxg4 33. Re1 Rd1 34. Rc1 Rxd5 35. Rxe5 Rxe5 36. Qxe5 Bg5 37. Re1 Bh4 38. Qh2 Bxf2+ 39. Kxf2 Qd4+ 40. Re3 Qd2+ 41. Re2 Qd4+ 42. Kxg2 Qg4+ 43. Kf1 Qf5+ 44. Qf2 Qh3+ 45. Ke1 Qh1+ 46. Kd2 Qd5+ 47. Kc2 Qc4+ 48. Kb1 Qd3+ 49. Kc1 Qc4+ 50. Rc2 Qxa2 51. Qd4 Qa1+ 52. Kd2 Qf1 53. Kc3 Qe1+ 54. Kb3 Qf1 55. Rh2 Qb5+ 56. Kc2 f6 57. Qd8+ Kf7 58. Rh7+ Ke6 59. Qd7+ Ke5 60. Re7+ Kf4 61. Qd4+ Kg5 62. Re6 Qf1 63. Qe3+ Kf5 64. Qe4+ Kg5 65. Re7 Qf2+ 66. Kb3 Qf1 67. Rxb7 f5 68. Qxc6 Qd3+ 69. Ka2 Qc4+ 70. Rb3 f4 71. Qg2+ Kf5 72. c6 g5 73. Qh3+ Ke4 74. Qh7+ Ke5 75. Qg7+ Kf5 76. Qc3 Qa4+ 77. Ra3 1-0

[Event "Berdsk Maestro op 15th"]
[Site "Berdsk"]
[Date "2009.07.10"]
[Round "3"]
[White "Agapov, Sergei"]
[Black "Feofanov, Vladimir"]
[Result "1/2-1/2"]
[WhiteElo "2126"]
[BlackElo "2298"]
[PlyCount "24"]
[EventDate "2009.07.08"]
[EventType "swiss"]
[EventRounds "9"]
[EventCountry "RUS"]
[SourceTitle "EXT 2022"]
[Source "ChessBase"]
[SourceDate "2021.10.06"]
[SourceVersion "1"]
[SourceVersionDate "2021.10.06"]
[SourceQuality "1"]

1. d4 d5 2. Nf3 Nf6 3. c4 c6 4. g3 Bf5 5. Bg2 e6 6. 0-0 Nbd7 7. Nc3 h6 8. Nd2 Be7 9. e4 dxe4 10. Ndxe4 Nxe4 11. Nxe4 0-0 12. Be3 Nf6 1/2-1/2

[Event "Berdsk Maestro op 13th"]
[Site "Berdsk"]
[Date "2007.07.16"]
[Round "9"]
[White "Agapov, Sergei"]
[Black "Ulienkov, Vladimir"]
[Result "1-0"]
[WhiteElo "2117"]
[BlackElo "2166"]
[PlyCount "57"]
[EventDate "2007.07.08"]
[EventType "swiss"]
[EventRounds "9"]
[EventCountry "RUS"]
[SourceTitle "EXT 2022"]
[Source "ChessBase"]
[SourceDate "2021.10.06"]
[SourceVersion "1"]
[SourceVersionDate "2021.10.06"]
[SourceQuality "1"]

1. d4 Nf6 2. c4 g6 3. Nc3 d5 4. Nf3 Bg7 5. Bg5 Ne4 6. cxd5 Nxc3 7. bxc3 Qxd5 8. Bf4 c5 9. e3 cxd4 10. cxd4 0-0 11. Be2 Nc6 12. 0-0 Re8 13. Rc1 Bg4 14. Rc5 Qd7 15. h3 Bxf3 16. Bxf3 Rac8 17. Bg4 f5 18. Bf3 e6 19. Qa4 Bf8 20. Rcc1 Red8 21. Rfd1 a6 22. d5 Nb8 23. Qxd7 Nxd7 24. dxe6 Nc5 25. Rxd8 Rxd8 26. Bg5 Nxe6 27. Bxd8 Nxd8 28. Rc8 Nf7 29. Bd5 1-0

[Event "Berdsk Maestro op 13th"]
[Site "Berdsk"]
[Date "2007.07.10"]
[Round "3"]
[White "Sazhinov, Alexander"]
[Black "Agapov, Sergei"]
[Result "1/2-1/2"]
[WhiteElo "2270"]
[BlackElo "2117"]
[PlyCount "65"]
[EventDate "2007.07.08"]
[EventType "swiss"]
[EventRounds "9"]
[EventCountry "RUS"]
[SourceTitle "EXT 2022"]
[Source "ChessBase"]
[SourceDate "2021.10.06"]
[SourceVersion "1"]
[SourceVersionDate "2021.10.06"]
[SourceQuality "1"]

1. d4 Nf6 2. Bg5 Ne4 3. Bh4 g5 4. f3 gxh4 5. fxe4 c5 6. e3 Bh6 7. Qd3 e6 8. Nf3 d6 9. Nbd2 Nc6 10. c3 Qe7 11. g3 Bd7 12. 0-0-0 0-0-0 13. Nxh4 Kb8 14. Bh3 Qg5 15. Rde1 cxd4 16. exd4 d5 17. Nhf3 Qh5 18. Bg2 e5 19. exd5 Bf5 20. Qe2 Nb4 21. Nxe5 Qg5 22. g4 Nxa2+ 23. Kd1 Rhg8 24. Bf3 Bg6 25. h4 Qf6 26. g5 Qb6 27. Nec4 Qxb2 28. Qh2+ Ka8 29. Nxb2 Nxc3+ 30. Kc1 Na2+ 31. Kd1 Nc3+ 32. Kc1 Na2+ 33. Kd1 1/2-1/2

[Event "RUS-ch U14"]
[Site "Dagomys"]
[Date "2004.04.??"]
[Round "8"]
[White "Agapov, Sergei"]
[Black "Ivanov, Aleksandr A"]
[Result "1-0"]
[WhiteElo "2244"]
[BlackElo "2135"]
[PlyCount "59"]
[EventDate "2004.04.??"]
[EventType "swiss"]
[EventRounds "10"]
[EventCountry "RUS"]
[SourceTitle "EXT 2005"]
[Source "ChessBase"]
[SourceDate "2004.11.15"]
[SourceVersion "1"]
[SourceVersionDate "2004.11.15"]
[SourceQuality "1"]

1. d4 Nf6 2. c4 e6 3. Nf3 d5 4. Nc3 Nbd7 5. Bg5 Bb4 6. e3 c5 7. Bd3 Qa5 8. 0-0 cxd4 9. exd4 Bxc3 10. bxc3 Qxc3 11. Bxf6 Nxf6 12. cxd5 0-0 13. dxe6 Bxe6 14. Re1 Rfd8 15. Re3 Qc7 16. Qe2 Bg4 17. Re1 Bxf3 18. Qxf3 Rxd4 19. Ba6 Rd7 20. Bb5 Rdd8 21. Re7 Qa5 22. Bc4 b6 23. g3 Rf8 24. Bxf7+ Kh8 25. Qe3 Qc5 26. Qxc5 bxc5 27. Bc4 Rfe8 28. f4 h6 29. Kf2 Ng4+ 30. Kg2 1-0